First Names of Netherlands Players Since 2000 - Statistics

General Stats
  • This quiz has been taken 116 times
  • The average score is 100 of 198
Answer Stats
% Correct
2015 Virgil van Dijk 78 9
95%
2013 Patrick van Aanholt 19
93%
2000 Patrick Paauwe 5
93%
1994 Patrick Kluivert 79 40
93%
2005 Robin van Persie 102 50
93%
2003 Arjen Robben 96 37
91%
1990 Dennis Bergkamp 79 37
90%
1990 Frank de Boer 112 13
90%
2022 Mark Flekken 8
90%
2000 Mark van Bommel 79 10
90%
1998 Marc van Hintum 8
89%
1993 Marc Overmars 86 17
89%
2017 Nathan Aké 53 5
89%
1994 Clarence Seedorf 87 11
88%
2024 Joshua Zirkzee 6 1
88%
2016 Joshua Brenet 2
88%
2013 Memphis Depay 98 46
88%
2018 Ruud Vormer 4
88%
1998 Ruud van Nistelrooy 70 35
88%
2021 Ryan Gravenberch 18 1
88%
2005 Ryan Babel 69 10
88%
2017 Wesley Hoedt 6
88%
2003 Wesley Sneijder 134 31
88%
2022 Xavi Simons 24 3
88%
1995 Edwin van der Sar 130
86%
2011 Tim Krul 15
86%
2005 Tim de Cler 17
86%
2018 Frenkie de Jong 55 2
85%
2021 Justin Bijlow 8
85%
2018 Justin Kluivert 3
85%
2018 Steven Bergwijn 35 8
85%
2016 Steven Berghuis 46 2
85%
2018 Wout Weghorst 43 14
84%
2009 Wout Brama 3
84%
2011 Kevin Strootman 46 3
83%
2000 Kevin Hofland 7
83%
2004 Nigel de Jong 81 1
83%
2013 Daley Blind 108 3
81%
2008 Dirk Marcellis 3
80%
2004 Dirk Kuyt 104 24
80%
2017 Donny van de Beek 19 3
80%
2015 Bas Dost 18 1
79%
1996 Jaap Stam 67 3
79%
2021 Jurriën Timber 18
79%
2001 Rafael van der Vaart 109 25
79%
2021 Cody Gakpo 36 14
78%
1994 Edgar Davids 74 6
78%
2011 Luuk de Jong 39 8
78%
2014 Quincy Promes 50 7
78%
2012 Stefan de Vrij 73 4
78%
2019 Donyell Malen 41 9
77%
2018 Denzel Dumfries 63 9
75%
2013 Jasper Cillessen 65
75%
2021 Noa Lang 12 2
75%
2023 Jeremie Frimpong 10 1
74%
2004 John Heitinga 87 7
74%
2006 Klaas-Jan Huntelaar 76 42
74%
2010 Roy Beerens 2
74%
1996 Roy Makaay 43 6
74%
2023 Micky van de Ven 10
73%
2005 Ron Vlaar 32 1
73%
2015 Davy Pröpper 19 3
72%
2014 Davy Klaassen 41 10
72%
1996 Giovanni van Bronckhorst 106 6
72%
2004 Jan Kromkamp 11
69%
2000 Jan Vennegoor of Hesselink 19 3
69%
2020 Marco Bizot 1
68%
2012 Marco van Ginkel 8
68%
2016 Marten de Roon 42 1
68%
2016 Rick Karsdorp 3
67%
1996 Phillip Cocu 101 10
65%
2021 Tyrell Malacia 9
65%
2023 Bart Verbruggen 18
64%
2016 Bart Ramselaar 3
64%
2017 Matthijs de Ligt 49 2
64%
2011 Georginio Wijnaldum 96 28
63%
2023 Brian Brobbey 7 1
62%
2007 Ibrahim Afellay 53 7
62%
2013 Jonathan de Guzmán 14
62%
2020 Teun Koopmeiners 23 3
62%
2015 Kenny Tete 14
60%
2013 Joël Veltman 28 2
59%
2016 Vincent Janssen 22 7
57%
2012 Bruno Martins Indi 36 2
56%
2018 Hans Hateboer 13
56%
2010 Ricky van Wolfswinkel 2
54%
2001 Ronald Waterreus 7
54%
1993 Ronald de Boer 67 13
54%
2017 Timothy Fosu-Mensah 3
53%
2009 Gregory van der Wiel 46
52%
2010 Leroy Fer 11 1
52%
2015 Anwar El Ghazi 2
51%
2018 Arnaut Danjuma 6 2
51%
2019 Calvin Stengs 8 3
51%
2012 Jetro Willems 22
51%
1994 Michael Reiziger 72 1
51%
2018 Guus Til 6 1
49%
2010 Jeffrey Bruma 25 1
49%
1998 Jeffrey Talan 8 1
49%
1998 Jimmy Hasselbaink 23 9
49%
2004 Maarten Stekelenburg 63
49%
2020 Owen Wijndal 11
49%
2010 Royston Drenthe 1
49%
2008 Michel Vorm 15
48%
2013 Jens Toornstra 4
47%
2023 Joey Veerman 16 1
47%
2012 Jordy Clasie 17
47%
2009 Eljero Elia 30 2
46%
2023 Jorrel Hato 5
46%
2014 Karim Rekik 4
46%
2014 Terence Kongolo 4
46%
2007 Danny Koevermans 4 1
44%
2015 Jaïro Riedewald 3
44%
2013 Paul Verhaegh 3
44%
2000 Paul Bosvelt 24
44%
2023 Tijjani Reijnders 20 3
44%
2023 Mats Wieffer 12 1
43%
1999 André Ooijer 55 3
42%
2022 Kenneth Taylor 4
42%
2012 Kenneth Vermeer 5
42%
2012 Luciano Narsingh 19 4
42%
2019 Myron Boadu 1 1
42%
2010 Erik Pieters 18
41%
2024 Quinten Timber 5
40%
2006 Urby Emanuelson 16
40%
2022 Remko Pasveer 2
38%
2004 Joris Mathijsen 84 3
37%
2024 Jan Paul van Hecke 2
36%
2022 Jerdy Schouten 13
35%
2022 Jordan Teze 4
35%
2023 Lutsharel Geertruida 14
35%
2012 Nick Viergever 3
35%
2023 Thijs Dallinga 1
35%
2012 Daryl Janmaat 34
33%
2009 Edson Braafheid 10
33%
2014 Jean-Paul Boëtius 1
33%
2004 Khalid Boulahrouz 35
32%
2010 Vurnon Anita 3
32%
2007 David Mendes da Silva 7
31%
1994 Pierre van Hooijdonk 46 14
31%
2012 Adam Maher 5
30%
1997 Boudewijn Zenden 54 7
30%
1995 Winston Bogarde 20
30%
2002 Andy van der Meyde 17 1
28%
1987 Aron Winter 84 6
28%
2016 Tonny Vilhena 15
28%
2022 Andries Noppert 5
27%
2001 George Boateng 4
27%
2013 Jeroen Zoet 11
27%
2010 Siem de Jong 6 2
27%
2007 Demy de Zeeuw 27
26%
2021 Devyne Rensch 2
26%
2000 Mario Melchiot 22
26%
2013 Ola John 1
26%
2007 Orlando Engelaar 14
26%
2005 Hedwiges Maduro 18
23%
2016 Jorrit Hendrix 1
23%
2000 Arnold Bruggink 2
21%
2010 Jeremain Lens 34 8
21%
1990 Richard Witschge 31 1
21%
2018 Pablo Rosario 1
20%
2012 Ricardo van Rhijn 8
20%
2010 Peter Wisgerhof 2
19%
1992 Peter van Vossen 31 9
19%
2010 Sander Boschker 1
19%
1999 Sander Westerveld 6
19%
1999 Bert Konterman 12
17%
2018 Javairô Dilrosun 1
17%
2004 Romeo Castelen 10 1
17%
2006 Stijn Schaars 24
17%
2000 Wilfred Bouma 37 2
17%
2006 Theo Janssen 5
16%
2005 Theo Lucius 3
16%
2001 Denny Landzaat 38 1
15%
2013 Dwight Tiendalli 2
15%
2005 Henk Timmer 7
15%
2023 Quilindschy Hartman 4 1
15%
2015 Riechedly Bazoer 6
15%
2009 Piet Velthuizen 1
14%
2012 Ruben Schaken 7 2
14%
2000 Fernando Ricksen 12
12%
2009 Otman Bakkal 1
12%
1992 Arthur Numan 45
11%
2001 Victor Sikora 6
11%
2005 Barry Opdam 8 1
9%
2004 Barry van Galen 1
9%
2004 Collins John 2
9%
2004 Dave van den Bergh 2
9%
2006 Kew Jaliens 15 1
9%
2009 Glenn Loovens 2
7%
2006 Nicky Hofs 1
7%
2001 Niels Oude Kamphuis 1
7%
2013 Miquel Nelom 2
4%
2004 Romano Denneboom 1
4%
2007 Andwélé Slory 2
2%
2006 Martijn Meerdink 1
1%
1998 Oscar Moens 2
1%
2005 Uğur Yıldırım 1
1%
No matching quizzes found
Score Distribution
Percent of People with Each Score
Percentile by Number Answered
Your Score History
You have not taken this quiz